00530nam a2200217Ia 450000500170000000800460001702000180006303700100008104000080009104000080009904000080010704100080011504100080012308400080013110000160013924500230015526000310017826000090020965000160021885600780023420260306154518.0008 260114s9999 xx 000 0 eng d a9781474409490 aEBOOK aCRL beng cCRL 2eng aeng qCRL aBeck/Bishop 0aCold War Legacies  bEdinburgh University Press c2017 a Philosophy uhttps://www.cambridge.org/core/product/identifier/9781474409490/type/BOOK